000 01161cam a22003497a 4500
003 CHAP
005 20220329135435.0
008 971013s1957 r 00010 d
010 _a36502
011 _a37474
035 _a41594
040 _cCHAP
090 _aFolleto 8722
100 0 0 _aOrtega C., Alejandro.
_983770
245 1 3 _aLa araña roja del maíz (Paratetranychus stickneyi McG) un estudio de su biología y combate en Jaloxtoc, Morelos
260 _aMéxico, D. F. :
_bOficina de Estudios Especiales,
_c1957
300 _a28 p.
_b: ilus.
490 0 _aFolleto técnico
_v; 21
590 _aBATCH-UPD
_b10
_c20130110
_lUCH01
_h1944
590 _aBATCH-UPD
_b10
_c20130410
_lUCH01
_h1306
590 _aBATCH-UPD
_b10
_c20130914
_lUCH01
_h0539
590 _aCONVERSION
_b10
_c20130109
_lUCH01
_h1320
650 1 4 _aMaíz
_xMorelos.
_971022
650 1 4 _aMaíz
_xPlagas.
_971034
650 1 4 _aOligonychus mexicanus.
_983016
700 0 _aBarnes, Douglas.
_910246
700 0 _aBoush, George Mallory.
_914792
830 0 _aFolleto técnico
_v; 21
_942067
901 _aBK
942 _cFOLL
949 _aFolleto 8722
_bBC
_cFOLL
_d-95514
_eTS1
_i41594
_mD
_si
999 _c36502
_d36502